000 00526nam a2200217 454500
001 055537
003 BD-ChCU
008 Eng
020 _a8181281284
040 _aDLC
_cDLC
_dBD-ChCU
082 0 0 _a531/G824c
100 1 _aGreiner, Walter
_bx
245 1 0 _aClasical mechanics :
_bSystems of particles and Hamiltoniam dynamics
250 _ax
260 _aNew Delhi
_bSpringer
_c2004
300 _axx, 542
504 _aIncludes
650 0 _aMechanics, Classical
_bPhysics
700 1 _ax
942 _2ddc
_cBK
999 _c55537
_d55537